| 000 | 00851nam a22002417a 4500 | ||
|---|---|---|---|
| 999 |
_c20347 _d20347 |
||
| 003 | AR-CdUCM | ||
| 008 | 190529b ||||| |||| 00| 0 spa d | ||
| 020 | _a0-07-090909-1 | ||
| 040 |
_aMUNICIPALIDAD PROVINCIAL DEL CUSCO _cBIBLIOTECA MUNICIPAL DEL CUSCO |
||
| 041 | _heng | ||
| 082 |
_a380.14 / _bCH62 |
||
| 100 |
_aChisnall, Peter M. _942555 |
||
| 245 |
_aInvestigación de mercadeo : _bAnálisis y medidas / |
||
| 260 |
_aMéxico, D.F : _bLibros McGraw-Hill, _c1976. |
||
| 300 |
_a328 páginas ; _c23 cm. |
||
| 505 | _aContenido: Introducción a la investigación de mercadeo -- Investigación de la publicación -- Introducción al muestreo... | ||
| 650 |
_aMercadeo _922280 |
||
| 650 |
_aMotivación _95066 |
||
| 650 |
_aCompras _942556 |
||
| 700 |
_aNaranjo, Rodrigo (traductor) _942557 |
||
| 942 |
_2ddc _cLIBROS |
||
| 945 | _aJavier | ||